000 01269nam a22002057a 4500
999 _c57653
_d57653
003 Ge_BSU
005 20201126143815.0
008 200825s2016 ge ||||| |||| 00| 0 geo d
020 _a9941242151
041 _ageo
080 _a342.4(479.22) ქ-32
245 _aქართული კონსტიტუციონალიზმის ქრონიკები :
_cძირითადი კანონის მიოსაღებად გამართული სამართლებრივი დისკუსიები და 1921 წლის კონსტიტუციის მიღება /
_bსამეცნ.რედ: ზვიად კორძაძე, თორნიკე ნემსიწვერიძე .
264 _aთბ.:
_b "ზვიად კორძაძის გამომცემლობა",
_c2016.
300 _a430გვ.:
_b24 სმ.
653 _aქართული კონსტიტუციონალიზმი
653 _aსამართალი
700 _aკორძაძე, ზ.
_eრედაქტორი
_99332
700 _aნემსიწვერიძე თორნიკე
_eრედაქტორი
_99333
942 _2udc
_cBK